00422nam a22001577a 450000500170000001000130001702000260003003500220005603700290007808200130010710000170012024500570013725000080019426000420020230000200024420180712131121.0 aB-167890 a9788175344457c225.00 aB-167890,B-167889 bUniversal Law Publishing a344.5401 aH. L., Kumar aEmployer's right under labour laws/cby H. L. Kumar a2nd aDelhibUniversal Law Publishingc2005 a244p.c23cm(Pb)